000 00715nam a2200205 a 4500
008 120416s1997 ||||||||||||||||| || u
020 _a0240802918
050 _aTK 7881 Hol
100 _aHolman, Tomlinson
245 1 0 _aSound for film and television
260 _aBoston
_bFocal Press
_c1997
300 _axviii, 253p. : ill.
350 _a0.00
650 _aSOUND
650 _aMOTION PICTURES--SOUND EFFECTS
650 _aSOUND--RECORDING AND REPRODUCTION
650 _aSOUND MOTION PICTURE
650 _aTELEVISION BROADCASTING--SOUND EFFECTS
995 _D0.00
_FCBU-MAIN LIBRARY (Kitwe)
_H1
_I24.95
_M1
_UAVAILABLE
_ZMain Library Open Access Collection
999 _c57950
_d57950